000 00615nam a2200229 i 4500
001 C2-0167167
003 PPAK
005 20210705101729.0
008 980704s1982 ilua|||| ||||| | eng d
020 _a0809429500
040 _aPPAK
_beng
_cPPAK
_erda
082 0 4 _a641.636
_223
090 0 0 _a641.636
_bVAR
_dR
245 0 0 _aVariety meats
264 1 _aIllinois :
_bTime-Life Books ,
_c1982
300 _a176 pages :
_bcolour illustrations ;
_c28 cm
336 _2rdacontent
_atext
337 _2rdamedia
_aunmediated
338 _2rdacarrier
_avolume
650 1 0 _aCooking (Variety meats).
942 _cB
_2ddc
999 _c49329
_d49329